Poslanie evanjelických žien

Podrobná bibliografia
Médium: Článok
Jazyk:Slovak
Témy:
Zdroj: 1. Evanjelický posol spod Tatier 1. 0139-8768 1. Roč. 97, č. 28-29 (2007), s. 10
LEADER 00825nab#a2200301#ar4500
001 000086708
003 SVKKK
005 20071112133025.0
008 050331c2007 xo e slo
FMT
038 |a SVKKK 
040 |a SVKKK  |b slo  |e AACR2 
041 0 |a slo 
044 |a xo  |c SK 
080 |a 284.1(437.6)  |2 1997 
245 0 0 |a Poslanie evanjelických žien  |c [autor] -kunak- 
300 |b Fotogr. 
610 2 4 |a Evanjelická cirkev a.v. na Slovensku.  |b Cirkevný zbor (Pukanec, Slovensko)  |x stretnutie žien 
611 2 4 |a Evanjelické ženy v slovenskej literatúre  |c (Pukanec, Slovensko) 
773 0 |t Evanjelický posol spod Tatier  |x 0139-8768  |g Roč. 97, č. 28-29 (2007), s. 10 
957 |a 402 
958 |a NT 
974 |a Čr 
992 |a RBX 
BAS
852 |a SVKKK  |b BIB 
EXP
998 |a SLO